LEADER 00810cam2 22002533 450 001 SOBE00081866 005 20250121100901.0 100 $a20250121d1995 |||||ita|0103 ba 101 $aita 102 $aIT 200 0 $a1$fRaffaele Caravaglios 210 $aMilano$cGiuffrè$d1995 215 $aXLI, 679 p.$d24 cm 461 1$1001SON0004372$12001 $a<>comunione legale / Raffaele Caravaglios 700 1$aCaravaglios$b, Raffaele$3AF00008787$4070$0231092 801 0$aIT$bUNISOB$c20250121$gRICA 850 $aUNISOB 852 $aUNISOB$j340|Coll|10|K$m94895 912 $aSOBE00081866 940 $aM 102 Monografia moderna SBN 941 $aW 957 $a340|Coll|10|K$b000014$i-1$gSI$d94895$1rovito$2UNISOB$3UNISOB$420250121100824.0$520250121100901.0$6rovito 996 $a1$94314038 997 $aUNISOB